ბათუმის შოთა რუსთაველის სახელმწიფო უნივერსიტეტის ბიბლიოთეკა

ქართველოლოგი. The Kartvelologist. 8 (ბიბ.ჩანაწერი № 51049)

000 -LEADER
fixed length control field 00800nam a2200229Ia 4500
001 - CONTROL NUMBER
control field 18006
003 - CONTROL NUMBER IDENTIFIER
control field GE_BSU
008 - FIXED-LENGTH DATA ELEMENTS--GENERAL INFORMATION
fixed length control field 181216s||||||||xx |||||||||||||| ||und||
020 ## - INTERNATIONAL STANDARD BOOK NUMBER
International Standard Book Number ISSN1512-1186
040 ## - CATALOGING SOURCE
Transcribing agency GE_BSU
080 ## - UNIVERSAL DECIMAL CLASSIFICATION NUMBER
Universal Decimal Classification number 811.353.3'344
245 ## - TITLE STATEMENT
Title ქართველოლოგი. The Kartvelologist. 8
245 ## - TITLE STATEMENT
Statement of responsibility, etc. რედ. ე. ხინთიბიძე, ა. ჭანტურია
260 ## - PUBLICATION, DISTRIBUTION, ETC.
Place of publication, distribution, etc. თბილისი
260 ## - PUBLICATION, DISTRIBUTION, ETC.
Name of publisher, distributor, etc. თბილ. უნ-ტის გამ-ბა
260 ## - PUBLICATION, DISTRIBUTION, ETC.
Date of publication, distribution, etc. 2001
300 ## - PHYSICAL DESCRIPTION
Extent 84გვ. ; 20სმ.
520 ## - SUMMARY, ETC.
Summary, etc. სახელმძღვ.შესრულებულია ქართულ და ინგლისურ ენაზე.
653 ## - INDEX TERM--UNCONTROLLED
Uncontrolled term ქართველოლოგი
942 ## - ADDED ENTRY ELEMENTS (KOHA)
Koha item type წიგნი
ეგზემპლარები
Withdrawn status Lost status Damaged status Not for loan Date acquired Barcode Date last seen Price effective from Koha item type
        2018-12-17 45914 2018-12-17 2018-12-17 წიგნი